| 000 | 00500nam a22001577a 4500 | ||
|---|---|---|---|
| 003 | SISC | ||
| 005 | 20161011104138.0 | ||
| 008 | 161011b xxu||||| |||| 00| 0 eng d | ||
| 020 | _a9781682853047 | ||
| 050 |
_aQA 76 _b.R295 2016 |
||
| 245 |
_aRecent developments in mobile technology / _cedited by Catherine Hall. |
||
| 260 |
_aNew York : _bWillford Press, _c2016. |
||
| 300 |
_a269 pages : _billustrations (some color) ; _c27 cm. |
||
| 500 | _aIncludes bibliographical references. | ||
| 942 |
_2lcc _cBK |
||
| 999 |
_c305157 _d305157 |
||